000 01926nam a2200265Ia 4500
008 260220t1979||||xx |||||||||||||| ||spa||
040 _aPY-SlUNAC
_bspa
_erda
041 _aspa
082 _a515.1
_bC214c
100 _aCarnahan, Brice
_eAutor
245 0 _aCálculo numérico :
_bmétodos y aplicaciones /
_cpor Brice Carnahan [Autor]; H. A. Luther [Autor] y James O. Wilkes [Autor]
264 _aMadrid :
_bRueda,
_c℗1979.
300 _a1 volumen
520 _aEl libro "Cálculo numérico: métodos y aplicaciones" de Brice Carnahan ofrece una introducción exhaustiva a los métodos numéricos utilizados en la resolución de problemas matemáticos y científicos. A través de un enfoque práctico, el autor presenta una variedad de técnicas que abarcan desde la interpolación y la aproximación de funciones hasta la integración y la solución de ecuaciones diferenciales. Cada método se explica con claridad, incluyendo su fundamento teórico, procedimientos de implementación y análisis de errores, lo que permite a los lectores comprender tanto la aplicabilidad como las limitaciones de cada técnica. Además, el texto incluye ejemplos ilustrativos y ejercicios que facilitan la asimilación de conceptos complejos. Carnahan también discute aplicaciones en diferentes campos, como la ingeniería y la física, lo que demuestra la relevancia del cálculo numérico en la resolución de problemas reales. Este libro se convierte en una referencia esencial para estudiantes e investigadores que buscan profundizar en el uso de métodos numéricos.
653 _aCálculo numérico
653 _aMatemáticas aplicadas
653 _aMétodos matemáticos
700 _aLuther, H. A.
_eAutor
700 _aWilkes, James O.
_eAutor
942 _b2026/02/17
_cBK
999 _c7552
_d7552